000 01026nam a22003377a 4500
001 BR0000752
003 BR-BrBNA
005 20230928100548.0
007 ta
008 230509b bl.||||| |||| 00| 0 por d
040 _aBR-BrBNA
_bpor
_cBiblioteca Nacional de Agricultura
041 _a(Por)
072 _aJ11
_b1740
_b3520
090 _ 1740 BR0000752
100 1 _aFerreira, M.D.
110 1 _aEscola Superior de Agricultura Luiz de Queiroz, Piracicaba, SP (Brasil)
_0Tese (Doutor em Agronomia)
245 1 _aQualidade de bulbos de cebola em funcao de diferentes tratamentos pre-colheita
260 3 _aPiracicaba, SP (Brasil):
_c1999.
300 _a90 p.
500 _aSummaries (Eng, Por); Bibliography p. 83-90; 21 tables
650 _aCebola
650 _aBulbo
650 _aQualidade
650 _aTratamento
650 _aPre-Colheita
650 _aPropriedade Fisico-Quimica
650 _aCondicao Ambiental
650 _aArmazenamento
909 _a202309
_bLucia
_c55
_dLucia Elande
942 _cBK
999 _c61824
_d61824